Statistics for Lietuvos miestai

Click here to take the quiz!

General Stats

  • This quiz has been taken 105 times
  • The average score is 35 of 103

Answer Stats

#MiestasGyventojai 2018m.% Correct
2Kaunas288,363
100%
1Vilnius536,631
99%
3Klaipėda148,908
95%
5Panevėžys88,678
90%
19Palanga15,381
86%
4Šiauliai100,575
85%
7Marijampolė35,692
79%
22Druskininkai12,441
77%
10Utena25,869
77%
6Alytus51,534
73%
17Kretinga17,274
62%
27Biržai10,561
60%
18Šilutė15,419
60%
13Tauragė22,002
59%
12Telšiai22,039
58%
57Trakai4,295
58%
16Plungė17,296
56%
50Ignalina5,049
55%
9Jonava27,042
55%
11Kėdainiai23,366
54%
24Elektrėnai11,262
53%
8Mažeikiai33,291
53%
39Naujoji Akmenė7,465
53%
14Ukmergė20,570
51%
33Anykščiai8,839
50%
15Visaginas18,514
49%
42Zarasai6,276
49%
46Molėtai5,587
47%
31Raseiniai9,932
47%
23Rokiškis12,326
47%
52Šilalė4,921
47%
68Birštonas2,380
46%
41Pasvalys6,533
46%
34Prienai8,610
46%
35Joniškis8,510
45%
30Jurbarkas10,079
45%
48Skuodas5,417
45%
60Lazdijai3,740
44%
36Varėna8,195
44%
32Vilkaviškis9,855
44%
40Šalčininkai6,607
41%
49Šakiai5,153
40%
37Kelmė7,897
38%
38Kaišiadorys7,642
37%
67Akmenė2,395
35%
56Pakruojis4,444
35%
59Kalvarija3,938
33%
43Kupiškis6,145
32%
21Gargždai13,877
31%
61Neringa3,224
31%
20Radviliškis15,275
31%
58Švenčionys4,262
31%
44Kazlų Rūda5,834
28%
25Kuršėnai10,916
28%
63Rietavas3,200
28%
29Garliava10,113
24%
55Vievis4,522
24%
76Pagėgiai1,577
23%
45Širvintos5,690
23%
54Nemenčinė4,614
22%
51Švenčionėliai4,978
19%
65Ariogala2,759
18%
28Lentvaris10,152
18%
47Pabradė5,452
18%
103Panemunė217
17%
90Daugai992
15%
64Eišiškės3,113
15%
53Kybartai4,649
15%
66Šeduva2,525
15%
26Grigiškės10,641
14%
91Seda963
14%
83Simnas1,295
14%
78Skaudvilė1,464
14%
71Tytuvėnai1,926
14%
72Vilkija1,906
14%
88Jieznas1,032
13%
89Varniai1,006
13%
85Veisiejai1,216
13%
80Žagarė1,383
13%
86Baltoji Vokė1,051
12%
81Salantai1,368
12%
101Smalininkai454
12%
69Venta2,223
12%
62Žiežmariai3,215
12%
99Dusetos556
10%
74Ežerėlis1,643
10%
87Joniškėlis1,048
10%
100Kavarskas552
10%
82Linkuva1,311
10%
79Ramygala1,425
10%
70Rūdiškės2,046
10%
102Troškūnai373
10%
98Užventis646
10%
93Vabalninkas891
10%
96Dūkštas797
9%
77Kudirkos Naumiestis1,513
9%
97Pandėlys739
9%
84Priekulė1,251
9%
92Subačius909
9%
75Gelgaudiškis1,611
8%
95Obeliai857
8%
73Viekšniai1,650
8%
94Virbalis882
6%

Score Distribution

Percentile by Number Answered

Percent of People with Each Score

Your Score History

You have not taken this quiz